| 000 | 00746cam a22002414a 4500 | ||
|---|---|---|---|
| 001 | 13576675 | ||
| 005 | 20180223083342.0 | ||
| 008 | 040429s2004 pau b 001 0 eng | ||
| 010 | _a 2004010049 | ||
| 020 | _a0872075427 | ||
| 040 |
_aDLC _cDLC _dDLC |
||
| 041 | _aeng | ||
| 042 | _apcc | ||
| 043 | _an-us--- | ||
| 080 | _a37 laz | ||
| 100 | 1 | _a47 | |
| 101 | _aedu | ||
| 245 | 1 | 0 |
_aLearning to be literacy teachers in urban schools : _cAlthier M. Lazar. |
| 504 | _aIncludes bibliographical references and index. | ||
| 906 |
_a7 _bcbc _corignew _d1 _eecip _f20 _gy-gencatlg |
||
| 942 |
_2ddc _cBK |
||
| 999 |
_c43317 _d43317 |
||